| 000 | 00537nam a22001697a 4500 | ||
|---|---|---|---|
| 999 |
_c194120 _d194120 |
||
| 005 | 20221207170551.0 | ||
| 010 | _aE.N.A./7.11.22 | ||
| 020 |
_a9789356223172 _c875.00 |
||
| 037 | _bTaxmann | ||
| 100 | _aSharma, D.G. | ||
| 245 |
_aTaxmann's Principles & Practice of Accounting/ _cD.G. Sharma and S.K.Agrawal |
||
| 260 |
_aNew Delhi _bTaxmann Publications _c2022 |
||
| 270 |
_a59/32, New Rohtak Road _bNew Delhi _e110005 _k911145562222 _msales@taxmann.com |
||
| 300 |
_a608p. _c27cm(pbk) |
||
| 700 | _aAgrawal, S.K. | ||
| 942 |
_2ddc _cEN _mSHA |
||